000 00331nam a2200133Ia 4500
005 20260328104307.0
008 260328s9999||||xx |||||||||||||| ||und||
100 _aBauchman, Lorne
245 0 _aArt Center College Of Design /
_cLorne Bauchman
260 _bindex
300 _a168 p.
650 _aDISEÑO INDUSTRIAL
942 _cBK
999 _c10805
_d10805